Tracking adult literacy and numeracy skills : (Record no. 142196)
[ view plain ]
| 000 -LEADER | |
|---|---|
| fixed length control field | 01054cam a22002894a 4500 |
| 008 - FIXED-LENGTH DATA ELEMENTS--GENERAL INFORMATION | |
| fixed length control field | |
| 020 ## - INTERNATIONAL STANDARD BOOK NUMBER | |
| International Standard Book Number | 9780415958585 (pbk.) |
| 049 ## - LOCAL HOLDINGS (OCLC) | |
| Holding library | MAIN |
| 090 ## - LOCALLY ASSIGNED LC-TYPE CALL NUMBER (OCLC); LOCAL CALL NUMBER (RLIN) | |
| Classification number (OCLC) (R) ; Classification number, CALL (RLIN) (NR) | LC149.7 |
| Local cutter number (OCLC) ; Book number/undivided call number, CALL (RLIN) | TRA |
| 003 - CONTROL NUMBER IDENTIFIER | |
| control field | |
| 005 - DATE AND TIME OF LATEST TRANSACTION | |
| control field | 20230123125457.0 |
| 040 ## - CATALOGING SOURCE | |
| Transcribing agency | NUST |
| 245 00 - TITLE STATEMENT | |
| Title | Tracking adult literacy and numeracy skills : |
| Remainder of title | findings from longitudinal research / |
| Statement of responsibility, etc. | edited by Stephen Reder and John Bynner. |
| 250 ## - EDITION STATEMENT | |
| Edition statement | 1st ed. |
| 260 ## - PUBLICATION, DISTRIBUTION, ETC. | |
| Place of publication, distribution, etc. | New York : |
| Name of publisher, distributor, etc. | Routledge, |
| Date of publication, distribution, etc. | 2009. |
| 300 ## - PHYSICAL DESCRIPTION | |
| Extent | xvii, 391 p. : |
| Other physical details | ill. ; |
| Dimensions | 24 cm. |
| 490 1# - SERIES STATEMENT | |
| Series statement | Routledge research in education ; |
| Volume/sequential designation | 19. |
| 500 ## - GENERAL NOTE | |
| General note | Includes index. |
| 504 ## - BIBLIOGRAPHY, ETC. NOTE | |
| Bibliography, etc. note | Includes bibliographical references. |
| 650 #0 - SUBJECT ADDED ENTRY--TOPICAL TERM | |
| Topical term or geographic name entry element | Functional literacy |
| Geographic subdivision | English-speaking countries |
| Form subdivision | Longitudinal studies. |
| 650 #0 - SUBJECT ADDED ENTRY--TOPICAL TERM | |
| Topical term or geographic name entry element | Numeracy |
| Geographic subdivision | English-speaking countries |
| Form subdivision | Longitudinal studies. |
| 650 #0 - SUBJECT ADDED ENTRY--TOPICAL TERM | |
| Topical term or geographic name entry element | Adult education |
| Geographic subdivision | English-speaking countries |
| Form subdivision | Longitudinal studies. |
| 700 1# - ADDED ENTRY--PERSONAL NAME | |
| Personal name | Reder, Stephen. |
| 700 1# - ADDED ENTRY--PERSONAL NAME | |
| Personal name | Bynner, John. |
| 907 ## - LOCAL DATA ELEMENT G, LDG (RLIN) | |
| a | .b1032060x |
| b | 24-05-13 |
| c | 12-10-12 |
| 942 ## - ADDED ENTRY ELEMENTS (KOHA) | |
| Koha item type | Ordinary Loan Books |
| Call number prefix | LC149.7 |
| Call number suffix | TRA |
| Date last seen | Total Checkouts | Full call number | Barcode | Cost, replacement price | Price effective from | Koha item type | Lost status | Source of classification or shelving scheme | Damaged status | Not for loan | Collection | Withdrawn status | Home library | Current library | Shelving location | Date acquired | Cost, normal purchase price |
|---|---|---|---|---|---|---|---|---|---|---|---|---|---|---|---|---|---|
| 01/23/2023 | LC149.7 TRA | 92004032295 | 80.00 | 01/23/2023 | BOOKS | LCC | NFIC | MAIN | MAIN | GEN | 01/23/2023 | 80.00 |